IFM Opac

Organizing the worlds money (Record no. 14910)

MARC details
000 -LEADER
fixed length control field 00288nam a22001217a 4500
082 ## - DEWEY DECIMAL CLASSIFICATION NUMBER
Classification number 332.45 COH
100 ## - MAIN ENTRY--PERSONAL NAME
Personal name Cohen, Benjamin J.
245 ## - TITLE STATEMENT
Title Organizing the worlds money
260 ## - PUBLICATION, DISTRIBUTION, ETC.
Place of publication, distribution, etc. London
Name of publisher, distributor, etc. Basic books
Date of publication, distribution, etc. 1977
300 ## - PHYSICAL DESCRIPTION
Extent x, 310p.
Other physical details ill 22cm.
500 ## - GENERAL NOTE
General note Include index
942 ## - ADDED ENTRY ELEMENTS (KOHA)
Koha item type Books
Holdings
Withdrawn status Lost status Source of classification or shelving scheme Damaged status Not for loan Home library Current library Shelving location Date acquired Full call number Barcode Date last seen Price effective from Koha item type
    Dewey Decimal Classification     IFM Main Campus Library IFM Main Campus Library   01/25/2016 332.45 COH 0000005069 01/25/2016 01/25/2016 Books